Medicinal plants of East Africa / (Record no. 13047)
[ view plain ]
| 000 -LEADER | |
|---|---|
| fixed length control field | 00667cam a22002172 4500 |
| 001 - CONTROL NUMBER | |
| control field | 0000007222 |
| 005 - DATE AND TIME OF LATEST TRANSACTION | |
| control field | 20151217155832.0 |
| 008 - FIXED-LENGTH DATA ELEMENTS--GENERAL INFORMATION | |
| fixed length control field | 071203s xx 000 0 eng d |
| 020 ## - INTERNATIONAL STANDARD BOOK NUMBER | |
| International Standard Book Number | 9966441905 : |
| Terms of availability | KES 646 |
| 040 ## - CATALOGING SOURCE | |
| Original cataloging agency | KABU |
| Transcribing agency | KABU |
| 100 1# - MAIN ENTRY--PERSONAL NAME | |
| Personal name | Kokwaro, J. O. |
| -- | 0000158376 |
| 245 10 - TITLE STATEMENT | |
| Title | Medicinal plants of East Africa / |
| Statement of responsibility, etc. | J. O. Kokwaro. |
| 250 ## - EDITION STATEMENT | |
| Edition statement | 2nd ed. |
| 260 ## - PUBLICATION, DISTRIBUTION, ETC. (IMPRINT) | |
| Place of publication, distribution, etc. | Nairobi : |
| Name of publisher, distributor, etc. | K. L. B., |
| Date of publication, distribution, etc. | 1993. |
| 300 ## - PHYSICAL DESCRIPTION | |
| Extent | xiv, 401 p. |
| 650 #0 - SUBJECT ADDED ENTRY--TOPICAL TERM | |
| Topical term or geographic name as entry element | Medicinal plants |
| Geographic subdivision | Africa, East. |
| -- | 0000158377 |
| 650 #0 - SUBJECT ADDED ENTRY--TOPICAL TERM | |
| Topical term or geographic name as entry element | Materia medica, Vegetable |
| Geographic subdivision | Africa, East. |
| -- | 0000158378 |
| 908 ## - PUT COMMAND PARAMETER (RLIN) | |
| Put command parameter | 071203 |
| 950 ## - LOCAL HOLDINGS (RLIN) | |
| -- | 1 |
| Withdrawn status | Lost status | Source of classification or shelving scheme | Not for loan | Home library | Current library | Date acquired | Total Checkouts | Full call number | Barcode | Date last seen | Date last checked out | Price effective from | Koha item type |
|---|---|---|---|---|---|---|---|---|---|---|---|---|---|
| Library of Congress Classification | Kabarak, Main Campus | Kabarak, Main Campus | 17/12/2015 | 3 | RS182 .A354K65 | 011416 | 18/02/2020 | 06/02/2020 | 17/12/2015 | Africana Collection |